000 00466nam a2200193Ia 4500
005 20231012094542.0
008 131103s9999 xx 000 0 und d
020 _a330269658
040 _aLoreto College
041 _aEnglish
082 _aF
_bSCR
100 _aScrimgeour,G.J.
245 2 _aA women of her times
_cG.J.Scrimgeour
260 _aLondon
_bPan Books
_c1982
300 _a528 p.
650 _aFiction in English
850 _aLCLIB
942 _cBK
999 _c16654
_d67133